A short guide to the Industrial Section galleries of the Indian Museum, (Record no. 87744)

MARC details
000 -LEADER
fixed length control field 00656cam a22002171 4500
001 - CONTROL NUMBER
control field sa 68017485
003 - CONTROL NUMBER IDENTIFIER
control field DLC
005 - DATE AND TIME OF LATEST TRANSACTION
control field 20260227112703.0
008 - FIXED-LENGTH DATA ELEMENTS--GENERAL INFORMATION
fixed length control field 711210s1953 ii a 000 0 eng
010 ## - LIBRARY OF CONGRESS CONTROL NUMBER
LC control number sa 68017485
025 ## - OVERSEAS ACQUISITION NUMBER
Overseas acquisition number PL480:I-E-6964
040 ## - CATALOGING SOURCE
Original cataloging agency DLC
Transcribing agency DLC
Modifying agency DLC
050 00 - LIBRARY OF CONGRESS CALL NUMBER
Classification number T183.I4
Item number C34
110 2# - MAIN ENTRY--CORPORATE NAME
Corporate name or jurisdiction name as entry element Indian Museum.
Subordinate unit Industrial Section.
245 12 - TITLE STATEMENT
Title A short guide to the Industrial Section galleries of the Indian Museum,
Statement of responsibility, etc. by K. S. Srinivasan, curator.
250 ## - EDITION STATEMENT
Edition statement [1st ed.]
260 ## - PUBLICATION, DISTRIBUTION, ETC.
Place of publication, distribution, etc. Calcutta,
Name of publisher, distributor, etc. Trustees, Indian Museum,
Date of publication, distribution, etc. 1953.
300 ## - PHYSICAL DESCRIPTION
Extent 11 p.
Other physical details illus.
Dimensions 25 cm.
350 ## - PRICE (NR) (BK AM CF MU VM SE) [OBSOLETE]
Price Re0.62
700 1# - ADDED ENTRY--PERSONAL NAME
Personal name Srinivasan, K. S.,
Dates associated with a name 1912-

No items available.

Powered by Koha